|
|
|
|
| LEADER |
00977nam a22002297a 4500 |
| 001 |
19194 |
| 003 |
BD-DhAAL |
| 008 |
230622r20031998ii ||||| |||| 00| 0 ben d |
| 040 |
|
|
|a BD-DhAAL
|c BD-DhAAL
|
| 041 |
|
|
|a ben
|
| 082 |
|
|
|a 891.4437
|
| 100 |
|
|
|a রায়, অনির্বাণ.
|9 54865
|
| 245 |
|
|
|a অবনীন্দ্রনাথ /
|c অনির্বাণ রায়.
|
| 260 |
|
|
|a কলকাতা :
|b প্যাপিরাস,
|c ১৯৯৮ [দ্বিতীয় মুদ্রণ ২০০৩].
|
| 300 |
|
|
|a ১৪ পৃষ্ঠা ;
|c ১৮ সে.মি.
|
| 541 |
|
|
|e 19194
|
| 650 |
|
|
|a Short stories, Bengali.
|
| 650 |
|
|
|a Children's stories, Bengali.
|
| 852 |
|
|
|a Ayesha Abed Library
|c General Stacks
|
| 942 |
|
|
|2 ddc
|c BK
|
| 999 |
|
|
|c 45924
|d 45924
|
| 952 |
|
|
|0 0
|1 0
|2 ddc
|4 0
|6 891_443700000000000_ROY
|7 0
|9 73863
|a BIGD
|b BIGD
|c GEN
|d 2023-06-22
|g 33.00
|l 0
|o 891.4437 ROY
|p 3050019194
|r 2023-06-22
|t 1
|w 2023-06-22
|y BK
|x Transferred from BDI to BIGD ; Rs 25.00
|